000 00503nam a2200181Ia 4500
003 LDD
008 181101s9999 xx 000 0 und d
020 _a9789386125316
_c200.00
040 _cLDD
100 _aFiraqi, Tehsin
245 0 _aIqbal - deda-e-bena-e qaum
_cTehsin Firaqi
260 _aNew Delhi
_bM.R..Publications
_c2016
300 _a206p.
901 _a15920
_b17-03-2017
902 _a2840
_b17-03-2017
_cF
_dPIBD
_e8U
903 _a20
_bReqst by : Mohd. Akbar
942 _2ddc
_cUR
999 _c95
_d95